From Basel I to Basel III : Sequencing Implementation in Developing Economies /

Developing economies can strengthen their financial systems by implementing the main elements of global regulatory reform. But to build an effective prudential framework, they may need to adapt international standards taking into account the sophistication and size of their financial institutions, t...

Fuld beskrivelse

Bibliografiske detaljer
Hovedforfatter: Ferreira, Caio
Andre forfattere: Jenkinson, Nigel, Wilson, Christopher
Format: Tidsskrift
Sprog:English
Udgivet: Washington, D.C. : International Monetary Fund, 2019.
Serier:IMF Working Papers; Working Paper ; No. 2019/127
Online adgang:Full text available on IMF
LEADER 02223cas a2200265 a 4500
001 AALejournalIMF019331
008 230101c9999 xx r poo 0 0eng d
020 |c 5.00 USD 
020 |z 9781498315227 
022 |a 1018-5941 
040 |a BD-DhAAL  |c BD-DhAAL 
100 1 |a Ferreira, Caio. 
245 1 0 |a From Basel I to Basel III :   |b Sequencing Implementation in Developing Economies /  |c Caio Ferreira, Nigel Jenkinson, Christopher Wilson. 
264 1 |a Washington, D.C. :  |b International Monetary Fund,  |c 2019. 
300 |a 1 online resource (42 pages) 
490 1 |a IMF Working Papers 
500 |a <strong>Off-Campus Access:</strong> No User ID or Password Required 
500 |a <strong>On-Campus Access:</strong> No User ID or Password Required 
506 |a Electronic access restricted to authorized BRAC University faculty, staff and students 
520 3 |a Developing economies can strengthen their financial systems by implementing the main elements of global regulatory reform. But to build an effective prudential framework, they may need to adapt international standards taking into account the sophistication and size of their financial institutions, the relevance of different financial operations in their market, the granularity of information available and the capacity of their supervisors. Under a proportionate application of the Basel standards, smaller institutions with less complex business models would be subject to a simpler regulatory framework that enhances the resilience of the financial sector without generating disproportionate compliance costs. This paper provides guidance on how non-Basel Committee member countries could incorporate banks' capital and liquidity standards into their framework. It builds on the experience gained by the authors in the course of their work in providing technical assistance on-and assessing compliance with-international standards in banking supervision. 
538 |a Mode of access: Internet 
700 1 |a Jenkinson, Nigel. 
700 1 |a Wilson, Christopher. 
830 0 |a IMF Working Papers; Working Paper ;  |v No. 2019/127 
856 4 0 |z Full text available on IMF  |u http://elibrary.imf.org/view/journals/001/2019/127/001.2019.issue-127-en.xml  |z IMF e-Library